000 00619nam a2200205Ia 4500
001 9407
003 GE_BSU
008 181216s||||||||xx |||||||||||||| ||und||
040 _cGE_BSU
080 _a821.353.1–1
100 _aმოძღვრიშვილი,სამუელ
245 _aლექსები
245 _cრედ.დ.ივარდავა.მხატვ.ო.მესხი
260 _aთბილისი
260 _bსაბჭოთა საქართველო
260 _c1969
300 _a178გვ.16სმ.
653 _aლექსები
942 _cBK
999 _c42701
_d42701